Ship safety personnel : role and duties : a survey and guide for ships' safety officials and for safety managers and ship operators / (Record no. 3949)

000 -LEADER
fixed length control field 00504nam a22001457a 4500
008 - FIXED-LENGTH DATA ELEMENTS--GENERAL INFORMATION
fixed length control field 200708b ||||| |||| 00| 0 eng d
082 00 - DEWEY DECIMAL CLASSIFICATION NUMBER
Classification number 363.123750941
Item number R9751
100 ## - MAIN ENTRY--PERSONAL NAME
9 (RLIN) 3010
Personal name Rutherford, D. E.
245 10 - TITLE STATEMENT
Title Ship safety personnel : role and duties : a survey and guide for ships' safety officials and for safety managers and ship operators /
250 ## - EDITION STATEMENT
Edition statement 1st ed.
260 ## - PUBLICATION, DISTRIBUTION, ETC. (IMPRINT)
Place of publication, distribution, etc London
Name of publisher, distributor, etc Charles griffin
Date of publication, distribution, etc 1982
300 ## - PHYSICAL DESCRIPTION
Extent 114 p.
650 #0 - SUBJECT ADDED ENTRY--TOPICAL TERM
Topical term or geographic name as entry element Ships Safety measures
942 ## - ADDED ENTRY ELEMENTS (KOHA)
Item type Books
Holdings
Withdrawn status Lost status Source of classification or shelving scheme Damaged status Not for loan Permanent location Current location Date acquired Full call number Barcode Date last seen Koha item type
          IMU Kolkata IMU Kolkata 2020-07-08 363.123750941 R9751 07127 2020-07-08 Books
          IMU Kolkata IMU Kolkata 2021-01-13 363.123750941 R9751 08369 2021-01-13 Books
Designed and Maintained by IMU-KC Library, Kolkata Campus © Copyright All Rights Reserved

webs counters

Powered by Koha